| 000 | 01240nam a22002057a 4500 | ||
|---|---|---|---|
| 003 | JO-AjAnu | ||
| 005 | 20250714105431.0 | ||
| 008 | 250713b jo ||||| |||| 00| 0 ara d | ||
| 040 |
_aJO-AjAnu _bara _cJO-AjAnu _dJO-AjAnu _erda |
||
| 041 |
_aara _hara |
||
| 050 |
_aLC4704 _b2025 |
||
| 100 | 1 |
_aالعودات، محمد صالح طلال _eمعد _966551 |
|
| 245 | 0 |
_aمستوى تطبيق فنيات تحليل السلوك التطبيقي لدى المعلمين المساندين مع الطلبة ذوي صعوبات التعلم = The Level of Application of Applied Behavior Analysis Techniques among Teachers Supporting Students with Learning Disabilities / _cاعداد محمد صالح طلال العودات ؛ اشراف برهان محمود حمادنة |
|
| 260 | _c2025 | ||
| 300 | _a71 ورقة | ||
| 504 | _aرسالة جامعية(رسالة ماجستير)- جامعة عجلون الوطنية(عجلون، الاردن) كلية العلوم التربوية، قسم التربية الخاصة، تخصص صعوبات التعلم، 2025. | ||
| 650 | 7 | 0 |
_aالتربية الخاصة- صعوبات التعلم _960601 |
| 700 | 1 |
_aحمادنة، برهان محمود _eمشرف _966032 |
|
| 942 |
_2lcc _cTHS _n0 |
||
| 999 |
_c33920 _d33920 |
||